000 00608nam a2200181 a 4500
001 000129533
003 AM-YEHGA
005 20260401125933.0
008 081222s1953 ru ||||| |||| 00| 0 rus d
040 _aAM-YEHGA
041 0 _arus
100 1 _aМедынский, Григорий Александрович
245 1 0 _aМарья :
_bРоман /
_cГригорий Медынский.
260 2 _aМосква :
_bСов. писатель,
_c1953.
300 _a616 с.
650 1 4 _aКолхозники в Великой Отечественной войне 1941-1945 гг.
942 _2udc
_cBK
999 _c43129
_d43129